San Felipe de Teyra : carta edafológica /

Carta de la región circundante a San Felipe de Teyra. Cubre, hacia el norte, La Tasojera; al sur, Santa Cruz; al este, la Sierra el Borrado y al oeste Leocadio Guerrero Uno. Todas las comunidades que comprende pertenecen al municipio de Mazapil, en el estado de Zacatecas

Salvato in:
Dettagli Bibliografici
Ente Autore: Dirección General de Estudios del Territorio Nacional (México)
Natura: Mappa
Serie:(Carta Edafológica)
Soggetti:
Tags: Aggiungi Tag
Nessun Tag, puoi essere il primo ad aggiungerne!!

MARC

LEADER 00000nem^a2200000^a^4500
001 000091363
005 20250521000000.0
009 20260310092644.657
037 |a Acervo ITESO - Biblioteca 
041 |a GRA 
093 |a G-13-D-79 
110 |a Dirección General de Estudios del Territorio Nacional (México) 
240 1 1 |a [San Felipe de Teyra, materiales cartográficos] 
245 1 0 |a San Felipe de Teyra :  |b carta edafológica /  |c DETENAL. 
255 |a Escala 1 : 50 000 ;  |b Proyección Universal Transversa de Mercator 
264 |a México :  |b Dirección General de Estudios del Territorio Nacional,  |c 1972 
300 |a 1 mapa 
336 |a imagen cartográfica estática  |b cri  |2 rdacontenido 
337 |a sin mediación  |b n  |2 rdamedio 
338 |a mapa  |b nz  |2 rdasoporte 
440 1 |a (Carta Edafológica) 
520 |a Carta de la región circundante a San Felipe de Teyra. Cubre, hacia el norte, La Tasojera; al sur, Santa Cruz; al este, la Sierra el Borrado y al oeste Leocadio Guerrero Uno. Todas las comunidades que comprende pertenecen al municipio de Mazapil, en el estado de Zacatecas 
522 |a Cartas adyacentes: G13D68, G13D69, G14C61, G13D78, G14C71, G13D88, G13D89, G14C81 
522 |a Unidades de suelo predominantes: fluvisol, litosol, solonetz, xerosol 
522 |a Carta formada por métodos fotogramétricos a partir de fotografías obtenidas en 1969 
546 |a Edición gráfica con texto en español 
649 |a XX 
650 |a Edafología -  |z México 
650 |a Suelos -  |z México 
650 |a Sierra el Borrado 
650 |a La Calera (Cerro) 
650 |a El Rayado, Zacatecas -  |x Mapas 
650 |a San Felipe de Teyra, Zacatecas -  |x Mapas -  |x Tema Principal 
650 |a Santa Cruz, Zacatecas -  |x Mapas 
650 |a La Tasojera, Zacatecas -  |x Mapas 
650 |a Leocadio Guerrero Dos, Zacatecas -  |x Mapas 
650 |a Leocadio Guerrero Uno, Zacatecas -  |x Mapas 
650 |a Mazapil, Zacatecas -  |x Mapas 
650 |a Zacatecas -  |x Mapas 
650 |a México -  |x Mapas 
910 |a Fondo General 
920 |a Gráficos - Mapas 
905 |a 503 
901 |a 0900073242  |b IT2  |c MAP  |u 20250521 
902 |a https://opac.biblio.iteso.mx/vufind/Record/000091363